000 01158nac a22003257a 4500
001 BR2013005771
003 BR-BrBNA
005 20240105123956.0
008 230509b bl.|||m| |||| 00| 0 por d
040 _aBR-BrBNA
_bpor
_cBiblioteca Nacional de Agricultura
072 _aE14; A50
090 _aE14 BR2013005771
100 1 _aAvila, A.F.D.
100 1 _aGomes, E.G.
100 1 _aSouza, G. da S. e
100 1 _aPenteado Filho, R. de C.
100 1 _aSouza, M.O. de
110 1 _aEMBRAPA Secretaria de Gestão e Estratégia, Brasília, DF (Brasil)
_93718
245 1 _aAvaliação de desempenho de unidades de pesquisa agropecuária: métricas e resultados da experiência da EMBRAPA
260 3 _aBrasília, DF (Brasil):
_c2013.
300 _a78 p.
490 _aDocumento - EMBRAPA Secretaria de Gestão e Estratégia (Brazil)
_vno. 16
_xISSN 1679-4680
500 _a16 illus.; 45 ref.
650 _aADMINISTRAÇÃO DE EMPRESA
650 _aPLANEJAMENTO ADMINISTRATIVO
650 _aPOLÍTICA ADMINISTRATIVA
650 _aMODERNIZAÇÃO ADMINISTRATIVA
909 _a202312
_bLúcia Elande
_c55
_dLúcia Elande
942 _2AGRIS
_n0
_cMS
999 _c297809
_d297809